| 000 -LEADER |
| fixed length control field |
00544cam a22001695i 4500 |
| 003 - CONTROL NUMBER IDENTIFIER |
| control field |
OSt |
| 005 - DATE AND TIME OF LATEST TRANSACTION |
| control field |
20240116160925.0 |
| 008 - FIXED-LENGTH DATA ELEMENTS--GENERAL INFORMATION |
| fixed length control field |
220409s2022 sz ae 000 0 eng |
| 020 ## - INTERNATIONAL STANDARD BOOK NUMBER |
| International Standard Book Number |
9783038602385 |
| Qualifying information |
paperback |
| 042 ## - AUTHENTICATION CODE |
| Authentication code |
pcc |
| 082 ## - DEWEY DECIMAL CLASSIFICATION NUMBER |
| Classification number |
728.092 |
| 245 00 - TITLE STATEMENT |
| Title |
Architects on dwelling / |
| Statement of responsibility, etc |
edited by Christopher Platt. |
| 300 ## - PHYSICAL DESCRIPTION |
| Extent |
160 pages : |
| Other physical details |
many illustrations (chiefly color), plans ; |
| Dimensions |
24 cm. |
| 906 ## - LOCAL DATA ELEMENT F, LDF (RLIN) |
| a |
0 |
| b |
ibc |
| c |
origres |
| d |
3 |
| e |
ncip |
| f |
20 |
| g |
y-gencatlg |
| 942 ## - ADDED ENTRY ELEMENTS (KOHA) |
| Source of classification or shelving scheme |
|
| 955 ## - COPY-LEVEL INFORMATION (RLIN) |
| Classification number, CCAL (RLIN) |
ve21 2022-04-15 |
| Book number/undivided call number, CCAL (RLIN) |
ff16 2022-07-13 |
| Classification number, CCAL (RLIN) |
ff00 2022-07-13 to GS/SBCG |